| 000 | 00415 a2200145 4500 | ||
|---|---|---|---|
| 020 | _a8178081709 | ||
| 040 |
_aDLC _bDLC |
||
| 100 | 1 | _aSchiller, Jochen H. | |
| 245 | 1 | 0 |
_aMobile communications _cJochen H. Schiller. |
| 260 |
_aBoston, MA : _bAddison-Wesley, _c2003. |
||
| 300 |
_a492 p. : _bill. |
||
| 650 | 0 | _aMobile communication systems. | |
| 650 | 0 | _aWireless communication systems. | |
| 942 |
_cBK _k621.3845 SCH _2ddc |
||
| 999 |
_c4724 _d4724 |
||